000 00503nam a2200181Ia 4500
005 20250326130227.0
008 250326s9999 xx 000 0 und d
037 _aTextbook
040 _aFMSL
_beng
_cFMSL
041 _aeng
_2eng
084 _a.44 L2
_qFMSL
100 _aAgrawal C P
245 0 _aExport methods & services in India
_cAgrawal C P
260 _aNew Delhi
_bNew Delhi, Indian Export Institute
_c1972
300 _a336p
942 _cTB
_h.44 L2
999 _c1281547
_d1281547